O cão (Registo nº 2768)

Detalhes MARC
000 -Etiqueta do registo
Cabeçalho 00735nam a22002531 4500
005 - Identificador da versão
Campo de controlo 20240813121944.0
095 ## -
-- PTBN00939323
100 ## - Dados gerais de processamento
Dados gerais de processamento 20001029d1981 cd y0pory5003 ba
102 ## - Pais de publicação ou produção
País de publicação Portugal
101 0# - Língua de publicação
Língua do texto, banda sonora, etc. Português
106 ## - Campo de dados codificados: material textual
Dados codificados do material textual r
215 ## - Descrição física 
Indicação específica da natureza do documento e extensão da espécie 31, [1] p.
Outras indicações físicas il.
Dimensões 21 cm
200 1# - Titulo e menção de responsabilidade
Título próprio O cão
Primeira menção de responsabilidade Marta Ulrich Tiago, Maria Helena Rio Tinto
225 2# - Colecção 
Título próprio da colecção Cadernos de aprendizagem global para crianças dos 4 aos 7 anos
Indicação de volume 2
210 ## - Publicação, Distribuição, etc. 
Lugar da edição, distribuição, etc. Lisboa
Nome do editor, distribuidor, etc. Plátano
Data da publicação, distribuição, etc. [1981]
606 ## - Nome comum usado como assunto
Número de registo de entrada de autoridade 0001439
Palavra de ordem Arte
Subdivisão de assunto Trabalhos manuais
675 ## - Classificação Decimal Universal (CDU)
Notação 745
Edição
Língua da edição por
701 #1 - Nome de autor-pessoa física (co-responsabilidade principal)
Palavra de ordem Rio Tinto
Outra parte do nome não tomada para palavra de ordem Maria Helena
Código de função Autor / Co-autor
700 #1 - Nome de autor-pessoa física (responsabilidade principal)
Número de registo de entrada de autoridade 0001739
Palavra de ordem Tiago
Outra parte do nome não tomada para palavra de ordem Marta Ulrich
942 ## - Elementos de entrada adicionados (Koha)
Tipo de item no Koha Livro
Exemplares
Situação do levantamento Origin of item (home branch) (coded) Biblioteca de empréstimo Código de barras Cota Circulation type (not for loan) Tipo de documento Nota do exemplar Damaged status
  Biblioteca Escolar da Coca Maravilhas Biblioteca Escolar da Coca Maravilhas BECM4664/00 7TMA TIA   Livro Sem mensagem